[Event "BCF-chT3 1213 (4NCL)"]
[Site "England"]
[Date "2013.05.04"]
[Round "9.178"]
[White "Manton, Jacob"]
[Black "Colburn, Paul J"]
[Result "1-0"]
[WhiteElo "1828"]
[BlackElo "1978"]
[PlyCount "117"]
[EventDate "2012.11.03"]
[EventType "team-swiss"]
[EventRounds "11"]
[EventCountry "ENG"]
[SourceTitle "EXT 2014"]
[Source "ChessBase"]
[SourceDate "2013.11.20"]
[SourceVersion "1"]
[SourceVersionDate "2013.11.20"]
[SourceQuality "1"]
[WhiteTeam "3CS Oldham II"]
[BlackTeam "Oxford II"]
[WhiteTeamCountry "ENG"]
[BlackTeamCountry "ENG"]

1. d4 Nf6 2. c4 c5 3. d5 b5 4. cxb5 a6 5. bxa6 Bxa6 6. Nc3 g6 7. Nf3 Bg7 8. e4 Bxf1 9. Kxf1 d6 10. g3 Nbd7 11. Kg2 Qb6 12. Qe2 0-0 13. a4 Qb4 14. Bd2 Nb6 15. b3 Nfd7 16. Rhc1 Qxb3 17. a5 Qc4 18. Qe1 Nc8 19. Rcb1 Qa6 20. Ra3 Na7 21. Qf1 Qxf1+ 22. Kxf1 Rfb8 23. Rab3 Rxb3 24. Rxb3 Rb8 25. Rxb8+ Nxb8 26. Ke2 Na6 27. Kd3 Kf8 28. Kc4 Nc7 29. Ne1 e6 30. Nc2 Bxc3 31. Bxc3 exd5+ 32. exd5 Ke7 33. f4 Nab5 34. Bb2 Kd7 35. g4 Kc8 36. Na3 Na7 37. Bf6 Kd7 38. Nc2 Ne8 39. g5 Nc7 40. Ne3 Ne8 41. Ng4 Nc7 42. Bb2 Ne8 43. Ba1 Kd8 44. Bf6+ Kd7 45. Nh6 Nc8 46. Nxf7 Ne7 47. Bxe7 Kxe7 48. Nh6 Nc7 49. h4 Kd7 50. Ng8 Kc8 51. Nf6 Kb7 52. Nxh7 Ka6 53. Nf8 Kxa5 54. Nxg6 Na8 55. Ne7 Nb6+ 56. Kc3 Na4+ 57. Kb3 Kb5 58. g6 c4+ 59. Kc2 1-0

[Event "Leicester Atkins op"]
[Site "Leicester"]
[Date "2012.09.30"]
[Round "5"]
[White "Colburn, Paul J"]
[Black "Alvarez Jimenez, Alfonso"]
[Result "0-1"]
[WhiteElo "1988"]
[BlackElo "1813"]
[PlyCount "124"]
[EventDate "2012.09.28"]
[EventType "swiss"]
[EventRounds "5"]
[EventCountry "ENG"]
[SourceTitle "CBM 150 Extra"]
[Source "ChessBase"]
[SourceDate "2012.10.19"]
[SourceVersion "1"]
[SourceVersionDate "2012.10.19"]
[SourceQuality "1"]

1. Nf3 d5 2. c4 d4 3. g3 Nc6 4. Bg2 e5 5. d3 Nf6 6. 0-0 h6 7. b4 e4 8. dxe4 Bxb4 9. Qc2 Bc5 10. Rd1 Ng4 11. e3 Nb4 12. Qb2 Be6 13. Na3 d3 14. Qxg7 Ke7 15. Bb2 Rg8 16. Qc3 Qd6 17. Nd4 Bd7 18. Nab5 Qb6 19. a4 Rac8 20. Ba3 a5 21. Nf5+ Bxf5 22. exf5 f6 23. Bxb4 axb4 24. Qxd3 Ne5 25. Qd5 Rcd8 26. Qxb7 Qxb7 27. Bxb7 c6 28. Nd4 Bxd4 29. exd4 Nf3+ 30. Kg2 Nxd4 31. a5 Nb3 32. Rxd8 Kxd8 33. Rd1+ Kc7 34. a6 Na5 35. c5 b3 36. Rd4 Nxb7 37. axb7 Rb8 38. Rd2 Rxb7 39. Rb2 Rb5 40. g4 Kb7 41. Kf3 Ka6 42. Ke3 Ka5 43. Kd2 Ka4 44. Kc1 Rxc5+ 45. Kb1 Re5 46. Rd2 Ka3 47. Rd1 c5 48. f4 Re4 49. g5 hxg5 50. fxg5 fxg5 51. Kc1 c4 52. Rd6 b2+ 53. Kd2 Ka2 54. Ra6+ Kb1 55. Rb6 Rf4 56. f6 Rf2+ 57. Ke3 Rf1 58. Ke2 Rxf6 59. Rxf6 Kc2 60. Rc6 c3 61. Rc5 b1Q 62. Rxg5 Qd1+ 0-1

[Event "Leicester Atkins op"]
[Site "Leicester"]
[Date "2012.09.29"]
[Round "3"]
[White "Colburn, Paul J"]
[Black "Amato, Giampiero"]
[Result "1-0"]
[WhiteElo "1988"]
[BlackElo "1986"]
[PlyCount "151"]
[EventDate "2012.09.28"]
[EventType "swiss"]
[EventRounds "5"]
[EventCountry "ENG"]
[SourceTitle "CBM 150 Extra"]
[Source "ChessBase"]
[SourceDate "2012.10.19"]
[SourceVersion "1"]
[SourceVersionDate "2012.10.19"]
[SourceQuality "1"]

1. Nf3 c5 2. c4 Nf6 3. d4 cxd4 4. Nxd4 e6 5. Nc3 Bb4 6. Qb3 Bc5 7. Nf3 0-0 8. e4 Nc6 9. Be2 d5 10. cxd5 exd5 11. exd5 Nb4 12. Bg5 Bf5 13. 0-0 h6 14. Bxf6 Qxf6 15. Rac1 Rac8 16. a3 Nd3 17. Bxd3 Bxd3 18. Rfd1 Qa6 19. Ne5 Bf5 20. Qb5 Qd6 21. Nf3 Bb6 22. Nd4 Bg4 23. f3 Qf4 24. Qd3 Bf5 25. Qd2 Qxd2 26. Rxd2 Rc4 27. Rcd1 Re8 28. g4 Bd7 29. Kg2 Ba5 30. Nde2 Kf8 31. b4 Bb6 32. Ne4 Rc7 33. Nd4 Rd8 34. d6 Rc4 35. Nf5 Bxf5 36. gxf5 Be3 37. Rd3 Bf4 38. d7 Rc2+ 39. Kf1 b6 40. f6 Bxh2 41. Re1 Bc7 42. Nc3 gxf6 43. Nb5 a6 44. Na7 Bg3 45. Red1 h5 46. Nc8 h4 47. R1d2 Rxd2 48. Rxd2 b5 49. Kg2 Kg7 50. Na7 Bf4 51. Rd1 Kh6 52. Nc6 Rg8+ 53. Kh1 Bc7 54. d8Q Bxd8 55. Nxd8 Rg3 56. Nxf7+ Kg6 57. Nd8 Rxf3 58. Rg1+ Kf5 59. Ra1 Rd3 60. Nb7 Kf4 61. Nc5 Rd2 62. Nxa6 Kg3 63. Nc5 Rh2+ 64. Kg1 Rg2+ 65. Kf1 Rf2+ 66. Ke1 Rh2 67. Ne4+ Kf3 68. Nd2+ Kg3 69. Nf1+ Kg2 70. Nxh2 Kxh2 71. Ra2+ Kg3 72. Kf1 h3 73. Kg1 f5 74. a4 f4 75. axb5 f3 76. b6 1-0

[Event "Leicester Atkins op"]
[Site "Leicester"]
[Date "2012.09.28"]
[Round "1"]
[White "Colburn, Paul J"]
[Black "Barnes, Michael"]
[Result "0-1"]
[WhiteElo "1988"]
[BlackElo "2195"]
[PlyCount "48"]
[EventDate "2012.09.28"]
[EventType "swiss"]
[EventRounds "5"]
[EventCountry "ENG"]
[SourceTitle "CBM 150 Extra"]
[Source "ChessBase"]
[SourceDate "2012.10.19"]
[SourceVersion "1"]
[SourceVersionDate "2012.10.19"]
[SourceQuality "1"]

1. Nf3 d5 2. c4 c6 3. g3 Bg4 4. Ne5 Bc8 5. Bg2 f6 6. Nf3 e5 7. d4 e4 8. Nfd2 f5 9. Nc3 Nf6 10. Qa4 Be7 11. e3 0-0 12. b4 dxc4 13. b5 Be6 14. Nxc4 cxb5 15. Qxb5 a6 16. Qxb7 Bxc4 17. Qxa8 Qc7 18. Nxe4 fxe4 19. Bxe4 Nxe4 20. Qxe4 Bb4+ 21. Bd2 Bxd2+ 22. Kxd2 Qa5+ 23. Kd1 Bd5 24. Qe5 Bf3+ 0-1

[Event "BCF-chT3S 1112 (4NCL)"]
[Site "England"]
[Date "2011.11.12"]
[Round "1.5"]
[White "Livesey, R Nigel"]
[Black "Colburn, Paul J"]
[Result "0-1"]
[WhiteElo "1907"]
[BlackElo "1995"]
[PlyCount "72"]
[EventDate "2011.11.12"]
[EventType "team-swiss"]
[EventRounds "6"]
[EventCountry "ENG"]
[SourceTitle "EXT 2013"]
[Source "ChessBase"]
[SourceDate "2012.11.22"]
[SourceVersion "1"]
[SourceVersionDate "2012.11.22"]
[SourceQuality "1"]
[WhiteTeam "e2e4.org.uk IV"]
[BlackTeam "Oxford II"]
[WhiteTeamCountry "ENG"]
[BlackTeamCountry "ENG"]

1. c4 c5 2. Nc3 Nc6 3. g3 g6 4. Bg2 Bg7 5. Nf3 e5 6. d3 Nge7 7. Bd2 0-0 8. 0-0 d6 9. Rb1 Rb8 10. a3 a5 11. Ne1 Be6 12. Nc2 d5 13. cxd5 Nxd5 14. Ne3 Nde7 15. Ne4 b6 16. b4 cxb4 17. axb4 Nd5 18. Nxd5 Bxd5 19. b5 Nd4 20. Nc3 Bxg2 21. Kxg2 Qd7 22. Be3 Rfc8 23. Bxd4 Qxd4 24. Ne4 Qd5 25. Qb3 Qxb3 26. Rxb3 Rc2 27. Nc3 Bf8 28. e4 Bc5 29. Na4 Bd4 30. Kh3 Bxf2 31. Nc3 Kg7 32. Nd5 Bc5 33. Rf6 a4 34. Rb1 a3 35. Rbf1 Rb7 36. R6f2 Bxf2 0-1